000 00524cam a22002171 4500
001 sa 64005367
003 DLC
005 20260227112032.0
008 890628s1963 ii b 000 0 hino
010 _asa 64005367
035 _a(OCoLC)19939979
040 _aDLC
_cWaU
_dDLC
050 0 0 _aPK2049
_b.C4
100 1 _aChandar, Krishan.
245 1 0 _aSāhitya-saṅgama.
260 _c[1963]
300 _a120 p.
_c19 cm.
500 _aIn Hindi.
504 _aBibliographical footnotes.
650 0 _aHindi literature.
999 _c59083
_d59083